Race de chiens - Statistiques

Statistiques générales
  • Ce quiz a été pris 64 fois
  • Le résultat moyen est 27 sur 46
Statistiques - réponses
Par images Réponse % Correct
Berger Allemand
91%
Caniche
91%
Labrador
91%
Berger Australien
89%
Dalmatien
87%
Saint bernard
87%
Husky
85%
Rottweiler
85%
Teckel
85%
Lévrier
81%
Malinois
79%
Cocker
77%
Golden retriever
77%
Beagle
75%
Border collie
75%
Boxer
75%
Carlin
74%
Shiba
74%
Cavalier King Charles
72%
Bouledogue français
70%
Chihuahua
70%
Bouvier Bernois
68%
Corgi
68%
Spitz
68%
Chow-chow
66%
Épagneul breton
64%
Bichon
62%
Yorkshire
62%
Dobermann
57%
Pit Bull
57%
Dogue allemand
43%
Cane Corso
42%
American Staff
40%
Braque de Weimar
40%
Basset hound
38%
Bulldog anglais
34%
Jack Russell terrier
28%
shih tzu
25%
Westie
23%
Basset artésien
19%
Berger des Pyrénées
17%
Komondor
17%
Dogue du Tibet
15%
Basset fauve de Bretagne
8%
Chien d'eau romagnol
8%
Epagneul japonais
8%
Aucun quiz correspondant
Distribution des résultats
% des personnes avec chaque résultat
Percentile par nombre de réponses
Votre historique - résultats
Vous n’avez pas pris ce quiz